Edwin Arlington Robinson.

Na minha lista:
Detalhes bibliográficos
Autor principal: Coxe, Louis Osborne, 1918-
Formato: Livro
Idioma:English
Publicado em: Minneapolis, University of Minnesota Press [1962]
Colecção:University of Minnesota pamphlets on American writers ; no. 17
Assuntos:
LEADER 00911nam a22002411 4500
001 c000323383
003 CARM
005 00000000000000.0
008 730102s1962 mnu b 00000beng
019 1 |a 23933930  |z 643888  |5 LACONCORD2021 
035 |a (OCoLC)288055  |5 LACONCORD2021 
050 0 0 |a PS3535.O25  |b Z63 
100 1 |a Coxe, Louis Osborne,  |d 1918- 
245 0 0 |a Edwin Arlington Robinson. 
260 |a Minneapolis,  |b University of Minnesota Press  |c [1962] 
300 |a 48 p.  |c 21 cm. 
490 0 |a University of Minnesota pamphlets on American writers ;  |v no. 17 
504 |a Includes bibliography. 
600 1 0 |a Robinson, Edwin Arlington,  |d 1869-1935. 
852 8 |b CARM  |h A1:AL23B0  |i B10238  |p 0436581  |f BK 
082 0 4 |a 811.52 
999 f f |i 0b3cfcde-ba6a-5fcf-96a3-6b282c7ecd25  |s 1bd5e3ee-73b1-55ce-ba17-b06f2bcfc4df 
952 f f |p Can circulate  |a CAVAL  |b CAVAL  |c CAVAL  |d CARM 1 Store  |e B10238  |f A1:AL23B0  |h Other scheme  |i book  |m 0436581